Multiple authorship of the Septuagint Pentateuch : the origin of the Septuagint /
"For hundreds of years, disputes on the origin of the Septuagint, a biblical text that was translated from Hebrew into Greek in the third century BCE, and the number of its translators have been ongoing. In Multiple Authorship of the Septuagint Pentateuch, Hayeon Kim provides a clear solution t...
المؤلف الرئيسي:
التنسيق: كتاب الكتروني
اللغة: English
منشور في:
Leiden Boston :
BRILL,
2020.
سلاسل:
Supplements to the Textual History of the Bible;
volume 4.
Biblical Studies, Ancient Near East and Early Christianity E-Books Online, Collection 2020, ISBN: 9789004407367.
الموضوعات:
الوصول للمادة أونلاين: Login to view Source
الوسوم: إضافة وسم
رقم الطلب: BS744 .K56 2019
| LEADER | 02815cam a22004578i 4500 | ||
|---|---|---|---|
| 001 | BRILL9789004421127 | ||
| 003 | nllekb | ||
| 005 | 20210602100635.0 | ||
| 006 | m d | ||
| 007 | cr un uuuua | ||
| 008 | 191211t20192019ne b 001 0 eng | ||
| 020 | |a 9789004421127 |q (electronic book) | ||
| 020 | |z 9789004420519 |q (print) | ||
| 024 | 7 | |a 10.1163/9789004421127 |2 DOI | |
| 035 | |z (OCoLC)1131866809 | ||
| 040 | |a NL-LeKB |c NL-LeKB |e rda | ||
| 050 | 0 | 0 | |a BS744 |b .K56 2019 |
| 072 | 7 | |a HRCF1 |2 bicssc | |
| 072 | 7 | |a REL |x 06090 |2 bisacsh | |
| 082 | 0 | 0 | |a 222/.10486 |2 23 |
| 100 | 1 | |a Kim, Hayeon, |e author. | |
| 245 | 1 | 0 | |a Multiple authorship of the Septuagint Pentateuch : |b the origin of the Septuagint / |c by Hayeon Kim. |
| 264 | 1 | |a Leiden Boston : |b BRILL, |c 2020. | |
| 300 | |a 1 online resource. | ||
| 336 | |a text |b txt |2 rdacontent | ||
| 337 | |a unmediated |b n |2 rdamedia | ||
| 338 | |a volume |b nc |2 rdacarrier | ||
| 490 | 1 | |a Supplements to the Textual History of the Bible; |v volume 4 | |
| 490 | 1 | |a Biblical Studies, Ancient Near East and Early Christianity E-Books Online, Collection 2020, ISBN: 9789004407367 | |
| 500 | |a Based on the author's doctoral dissertation, Hebrew University of Jerusalem, 2007. | ||
| 504 | |a Includes bibliographical references and index. | ||
| 520 | |a "For hundreds of years, disputes on the origin of the Septuagint, a biblical text that was translated from Hebrew into Greek in the third century BCE, and the number of its translators have been ongoing. In Multiple Authorship of the Septuagint Pentateuch, Hayeon Kim provides a clear solution to the unsolved questions, using objective and consistent set of translation-technique criteria, and traditional and computerized tools of analysis. According to the author, the translation of the Septuagint Pentateuch has two facets: homogeneity and heterogeneity. The common socio-religious milieu of the translators is apparent in the similar translation techniques, however, the individual characters of the five translators are also evident in their distinct translation styles"--Provided by publisher. | ||
| 630 | 0 | 0 | |a Bible. |p Old Testament |x Translating. |
| 630 | 0 | 0 | |a Bible. |p Old Testament. |l Greek |x Versions |x Septuagint |x Criticism, interpretation, etc. |
| 776 | 0 | 8 | |i Print version: |t Multiple authorship of the Septuagint Pentateuch: the origin of the Septuagint, |d Leiden Boston: BRILL, 2020 |w 9789004420519 |
| 830 | 0 | |a Supplements to the Textual History of the Bible; |v volume 4. | |
| 830 | 0 | |a Biblical Studies, Ancient Near East and Early Christianity E-Books Online, Collection 2020, ISBN: 9789004407367. | |
| 856 | 4 | |z DOI: |u http://dx.doi.org/10.1163/9789004421127 | |
| 942 | |c EBOOK | ||
| 952 | |0 0 |1 0 |4 0 |7 1 |9 14215 |a BRILL |b BRILL |d 2021-06-02 |l 0 |r 2021-06-02 00:00:00 |w 2021-06-02 |y EBOOK | ||
| 999 | |c 35665 |d 35665 | ||
